Land supply fall reflects overall trend (Record no. 72170)
[ view plain ]
| 000 -LEADER | |
|---|---|
| fixed length control field | 01113cam a2200205 4500 |
| 001 - CONTROL NUMBER | |
| control field | WB3908-21 |
| 008 - FIXED-LENGTH DATA ELEMENTS--GENERAL INFORMATION | |
| fixed length control field | 030227n2003 000 0 eng u |
| 035 ## - SYSTEM CONTROL NUMBER | |
| System control number | (Sirsi) u121449 |
| 245 ## - TITLE STATEMENT | |
| Title | Land supply fall reflects overall trend |
| 260 ## - PUBLICATION, DISTRIBUTION, ETC. | |
| Date of publication, distribution, etc. | 2003 |
| 490 ## - SERIES STATEMENT | |
| Series statement | Farmers' Weekly |
| Volume/sequential designation | 138(8) 21 February 2003, 83(1) |
| 520 ## - SUMMARY, ETC. | |
| Summary, etc. | The latest "Agricultural land market survey" from FPDSavills reports that the supply of land fell in 2002, reinforcing a long-term trend since the end of World War Two. It suggests that the initial decline may be due to the increase in owner occupation after the break up of many larger estates after the war. Predicts land values should remain stable, however commercial land could rise by 15% over the next two years. Table. Copies of the survey are available from http://www.fpdsavills.co.uk/research.asp?category=Rural&dateFrom=&dateTo= or contact Ian Bailey t +44 (0)7968 550386 [email protected] |
| 590 ## - LOCAL NOTE (RLIN) | |
| Local note | WB |
| 650 ## - SUBJECT ADDED ENTRY--TOPICAL TERM | |
| Topical term or geographic name entry element | AGRICULTURAL ESTATES |
| 650 ## - SUBJECT ADDED ENTRY--TOPICAL TERM | |
| Topical term or geographic name entry element | LAND SALES |
| 650 ## - SUBJECT ADDED ENTRY--TOPICAL TERM | |
| Topical term or geographic name entry element | LAND SUPPLY |
| 650 ## - SUBJECT ADDED ENTRY--TOPICAL TERM | |
| Topical term or geographic name entry element | LAND VALUES |
| 690 ## - LOCAL SUBJECT ADDED ENTRY--TOPICAL TERM (OCLC, RLIN) | |
| Topical term or geographic name as entry element | Rural |
| 9 (RLIN) | 6268 |
| 942 ## - ADDED ENTRY ELEMENTS (KOHA) | |
| Suppress in OPAC | 0 |
| Withdrawn status | Lost status | Source of classification or shelving scheme | Damaged status | Not for loan | Home library | Current library | Shelving location | Date acquired | Total Checkouts | Full call number | Barcode | Date last seen | Copy number | Price effective from | Koha item type |
|---|---|---|---|---|---|---|---|---|---|---|---|---|---|---|---|
| Dewey Decimal Classification | London | London | News article | 27/02/2003 | WB3908-21 | 121449-1001 | 06/08/2019 | 1 | 06/08/2019 | News article |